[Event "Rostock SSC op 14th"]
[Site "Rostock"]
[Date "2015.08.01"]
[Round "6.6"]
[White "Duester, Christian"]
[Black "Kliewe, Hans Juergen"]
[Result "1/2-1/2"]
[WhiteElo "2227"]
[BlackElo "2009"]
[PlyCount "28"]
[EventDate "2015.07.29"]
[EventType "swiss"]
[EventRounds "7"]
[EventCountry "GER"]
[SourceTitle "EXT 2019"]
[Source "ChessBase"]
[SourceDate "2018.10.10"]
[SourceVersion "1"]
[SourceVersionDate "2018.10.10"]
[SourceQuality "1"]

1. e4 e6 2. d4 d5 3. e5 c5 4. c3 Nc6 5. Nf3 Qb6 6. a3 a5 7. b3 Bd7 8. Be2 cxd4 9. cxd4 Nge7 10. 0-0 Nf5 11. Bb2 Be7 12. Qd3 0-0 13. Nbd2 Na7 14. a4 Nc6 1/2-1/2

[Event "Rostock SSC op 13th"]
[Site "Rostock"]
[Date "2014.07.27"]
[Round "7"]
[White "Duester, Christian"]
[Black "Tomczak, Jacek"]
[Result "0-1"]
[WhiteElo "2225"]
[BlackElo "2547"]
[PlyCount "54"]
[EventDate "2014.07.23"]
[EventType "swiss"]
[EventRounds "7"]
[EventCountry "GER"]
[SourceTitle "EXT 2018"]
[Source "ChessBase"]
[SourceDate "2017.10.13"]
[SourceVersion "1"]
[SourceVersionDate "2017.10.13"]
[SourceQuality "1"]

1. e4 c6 2. d4 d5 3. e5 c5 4. dxc5 Nc6 5. Nf3 Bg4 6. Be2 e6 7. Be3 Bxf3 8. Bxf3 Nxe5 9. 0-0 Nf6 10. Na3 b6 11. cxb6 Bxa3 12. b7 Rb8 13. bxa3 Rxb7 14. Be2 Qc7 15. Ba6 Neg4 16. g3 Nxe3 17. fxe3 Rb2 18. Bd3 Qc5 19. Qe2 Qxa3 20. Rf4 e5 21. Rf5 e4 22. Bxe4 dxe4 23. Re5+ Kf8 24. Rd1 g6 25. Rf1 Qc3 26. Rb5 Rxb5 27. Qxb5 Kg7 0-1

[Event "Rostock SSC op 13th"]
[Site "Rostock"]
[Date "2014.07.25"]
[Round "4"]
[White "Duester, Christian"]
[Black "Reznik, Leonid"]
[Result "1/2-1/2"]
[WhiteElo "2225"]
[BlackElo "1931"]
[PlyCount "120"]
[EventDate "2014.07.23"]
[EventType "swiss"]
[EventRounds "7"]
[EventCountry "GER"]
[SourceTitle "EXT 2018"]
[Source "ChessBase"]
[SourceDate "2017.10.13"]
[SourceVersion "1"]
[SourceVersionDate "2017.10.13"]
[SourceQuality "1"]

1. e4 d6 2. d4 g6 3. h3 Nf6 4. Nc3 Bg7 5. Nf3 c6 6. Bd3 b5 7. 0-0 0-0 8. Re1 a6 9. Bf4 Nfd7 10. Qd2 e5 11. Bh6 exd4 12. Bxg7 Kxg7 13. Nxd4 c5 14. Nf3 Nc6 15. Bf1 Nde5 16. Nh2 Nd4 17. Ne2 Nc4 18. Qc3 Qf6 19. Nxd4 cxd4 20. Qb4 Be6 21. Bxc4 bxc4 22. Qxd6 Rfd8 23. Qa3 Rab8 24. b3 d3 25. cxd3 cxd3 26. Rad1 Rbc8 27. Re3 Rc2 28. Rf3 Qc3 29. Nf1 a5 30. Ne3 Re2 31. Nd5 Bxd5 32. Rfxd3 Qc2 33. Qc1 Qxa2 34. Qc3+ Kh6 35. Rxd5 Rxd5 36. Rxd5 Qb1+ 37. Kh2 Qxe4 38. Qc1+ Kg7 39. Qc3+ Kh6 40. Qc1+ Kg7 41. Qc3+ Kh6 42. Rxa5 Rxf2 43. Qg3 Rf1 44. Ra4 Qc6 45. Rc4 Qf6 46. Qh4+ Kg7 47. Qxf6+ Kxf6 48. Kg3 Ke6 49. Rb4 h5 50. Rb5 f6 51. Kh2 Kd6 52. g4 hxg4 53. hxg4 Kc6 54. Rb8 Kc7 55. Rg8 g5 56. Re8 Kd6 57. Kg3 Rf4 58. Re3 Rb4 59. Rf3 Ke6 60. Re3+ Kd6 1/2-1/2

[Event "Rostock SSC op 13th"]
[Site "Rostock"]
[Date "2014.07.24"]
[Round "3"]
[White "Epishin, Vladimir"]
[Black "Duester, Christian"]
[Result "1-0"]
[WhiteElo "2556"]
[BlackElo "2225"]
[PlyCount "77"]
[EventDate "2014.07.23"]
[EventType "swiss"]
[EventRounds "7"]
[EventCountry "GER"]
[SourceTitle "EXT 2018"]
[Source "ChessBase"]
[SourceDate "2017.10.13"]
[SourceVersion "1"]
[SourceVersionDate "2017.10.13"]
[SourceQuality "1"]

1. d4 f5 2. Nc3 Nf6 3. Bg5 d5 4. Bxf6 exf6 5. e3 Be6 6. Bd3 Qd7 7. Nge2 Nc6 8. 0-0 Bf7 9. a3 g6 10. b4 Bh6 11. Na4 b6 12. Nb2 0-0 13. c4 Ne7 14. Rc1 c6 15. Qd2 Rfe8 16. c5 b5 17. a4 a6 18. Rc3 Ra7 19. Ra1 Rc8 20. Rca3 Rcc7 21. Nd1 Nc8 22. Ndc3 Be8 23. Nc1 Qf7 24. Nb3 Re7 25. Qd1 Qe6 26. Qf3 Kh8 27. g3 Bf8 28. Qf4 Reb7 29. axb5 axb5 30. Rxa7 Rxa7 31. Rxa7 Nxa7 32. Qb8 Qd7 33. Na5 Kg7 34. Kf1 Be7 35. Ke1 Kf7 36. Kd2 Bd8 37. Nb7 Nc8 38. Qxc8 Qxc8 39. Nd6+ 1-0

[Event "Rostock SSC 07 op 09th"]
[Site "Rostock"]
[Date "2010.08.14"]
[Round "6"]
[White "Duester, Christian"]
[Black "Weber, Max"]
[Result "1/2-1/2"]
[WhiteElo "2267"]
[BlackElo "1948"]
[PlyCount "83"]
[EventDate "2010.08.11"]
[EventType "swiss"]
[EventRounds "7"]
[EventCountry "GER"]
[SourceTitle "EXT 2017"]
[Source "ChessBase"]
[SourceDate "2016.10.25"]
[SourceVersion "1"]
[SourceVersionDate "2016.10.25"]
[SourceQuality "1"]

1. e4 e6 2. d4 d5 3. e5 c5 4. c3 Nc6 5. Nf3 Bd7 6. Be2 Nge7 7. Na3 Nf5 8. Nc2 Nh4 9. 0-0 Nxf3+ 10. Bxf3 Be7 11. Be2 0-0 12. Bd3 f5 13. exf6 Bxf6 14. dxc5 Qe7 15. Be3 e5 16. Be2 Be6 17. Bg4 Rad8 18. Bxe6+ Qxe6 19. Qe2 Qe7 20. Rad1 d4 21. Qc4+ Qf7 22. Qxf7+ Rxf7 23. Bd2 Rfd7 24. Rde1 e4 25. Rxe4 dxc3 26. Bxc3 Bxc3 27. bxc3 Rd2 28. Nb4 Nxb4 29. Rxb4 Rxa2 30. Rxb7 Rc2 31. h4 Rf8 32. Rxa7 Rf7 33. Ra8+ Rf8 34. Ra7 Rf7 35. Ra8+ Rf8 36. Ra3 Rf4 37. g3 Rc4 38. Rb1 Rxc5 39. Ra7 Rf5 40. Kg2 Rfxf2+ 41. Kh3 h5 42. Rh1 1/2-1/2

[Event "Rostock SSC 07 op 09th"]
[Site "Rostock"]
[Date "2010.08.14"]
[Round "5"]
[White "Jahn, Constanze"]
[Black "Duester, Christian"]
[Result "1/2-1/2"]
[WhiteElo "2129"]
[BlackElo "2267"]
[PlyCount "24"]
[EventDate "2010.08.11"]
[EventType "swiss"]
[EventRounds "7"]
[EventCountry "GER"]
[SourceTitle "EXT 2017"]
[Source "ChessBase"]
[SourceDate "2016.10.25"]
[SourceVersion "1"]
[SourceVersionDate "2016.10.25"]
[SourceQuality "1"]

1. e4 e5 2. Nf3 Nc6 3. Bc4 Nf6 4. d3 Be7 5. c3 d6 6. h3 0-0 7. 0-0 a6 8. Bb3 Kh8 9. Ng5 Qe8 10. Be3 h6 11. Nf3 Nh7 12. g4 Nd8 1/2-1/2

[Event "Rostock SSC 07 op 09th"]
[Site "Rostock"]
[Date "2010.08.12"]
[Round "2"]
[White "Duester, Christian"]
[Black "Duetsch, Gerald"]
[Result "1-0"]
[WhiteElo "2267"]
[BlackElo "1981"]
[PlyCount "117"]
[EventDate "2010.08.11"]
[EventType "swiss"]
[EventRounds "7"]
[EventCountry "GER"]
[SourceTitle "EXT 2017"]
[Source "ChessBase"]
[SourceDate "2016.10.25"]
[SourceVersion "1"]
[SourceVersionDate "2016.10.25"]
[SourceQuality "1"]

1. e4 e6 2. d4 d5 3. e5 c5 4. c3 Qb6 5. Nf3 Bd7 6. Be2 cxd4 7. cxd4 Bb5 8. 0-0 Bxe2 9. Qxe2 Qa6 10. Qe3 Ne7 11. Nc3 Nbc6 12. a4 Nf5 13. Qf4 g6 14. Nb5 Qb6 15. g4 Bh6 16. Nd6+ Nxd6 17. Qf6 Nxd4 18. Qxh8+ Bf8 19. Ng5 Ne4 20. Nxe4 dxe4 21. Bh6 0-0-0 22. Bxf8 Ne2+ 23. Kh1 e3 24. f3 Nd4 25. Rac1+ Nc6 26. Rfd1 Re8 27. Bc5 Rxh8 28. Bxb6 axb6 29. Re1 Rd8 30. Rxe3 Kb8 31. Rc2 Rd5 32. Rce2 Rd1+ 33. Kg2 Nd4 34. Rf2 h5 35. h3 Ra1 36. b3 Rb1 37. Re4 Nc6 38. gxh5 gxh5 39. Re3 Nd4 40. Re4 Nf5 41. b4 h4 42. Rd2 Rb3 43. b5 Rc3 44. Kf2 Rc1 45. Rg4 Rc8 46. Rg5 Re8 47. Rd7 Rf8 48. Rxf5 exf5 49. Ke3 f6 50. e6 Re8 51. e7 Kc8 52. Rd8+ Rxd8 53. exd8Q+ Kxd8 54. Kf4 Ke7 55. Kxf5 Kf7 56. Kg4 Kg6 57. Kxh4 f5 58. Kg3 Kg5 59. h4+ 1-0

[Event "Oberliga Nord O 0708"]
[Site "Germany"]
[Date "2008.02.10"]
[Round "6.7"]
[White "Duester, Christian"]
[Black "Behrmann, Joachim"]
[Result "1-0"]
[WhiteElo "2205"]
[BlackElo "2212"]
[PlyCount "25"]
[EventDate "2007.10.21"]
[EventType "team-tourn"]
[EventRounds "9"]
[EventCountry "GER"]
[SourceTitle "EXT 2009"]
[Source "ChessBase"]
[SourceDate "2008.11.26"]
[SourceVersion "1"]
[SourceVersionDate "2008.11.26"]
[SourceQuality "1"]
[WhiteTeam "Pankow Rotation"]
[BlackTeam "Zehlendorf II"]
[WhiteTeamCountry "GER"]
[BlackTeamCountry "GER"]

1. e4 e5 2. Nf3 Nc6 3. Bc4 Bc5 4. b4 Bxb4 5. c3 Bd6 6. d4 Nf6 7. 0-0 0-0 8. Re1 h6 9. Nh4 Re8 10. Bxf7+ Kxf7 11. Qb3+ Nd5 12. Qxd5+ Kf6 13. Re3 1-0

[Event "Oberliga Nord O 0708"]
[Site "Germany"]
[Date "2008.01.20"]
[Round "5.8"]
[White "Duester, Christian"]
[Black "Mueller, Sebastian"]
[Result "0-1"]
[WhiteElo "2205"]
[BlackElo "2295"]
[PlyCount "118"]
[EventDate "2007.10.21"]
[EventType "team-tourn"]
[EventRounds "9"]
[EventCountry "GER"]
[SourceTitle "EXT 2009"]
[Source "ChessBase"]
[SourceDate "2008.11.26"]
[SourceVersion "1"]
[SourceVersionDate "2008.11.26"]
[SourceQuality "1"]
[WhiteTeam "Pankow Rotation"]
[BlackTeam "Lasker Steglitz"]
[WhiteTeamCountry "GER"]
[BlackTeamCountry "GER"]

1. e4 e5 2. Nf3 Nf6 3. Nc3 Nc6 4. Bb5 Bc5 5. Nxe5 Nxe5 6. d4 Bd6 7. f4 Nc6 8. e5 Bb4 9. exf6 Qxf6 10. Be3 0-0 11. 0-0 Bxc3 12. bxc3 d5 13. f5 Bxf5 14. Bd3 Ne7 15. Bxf5 Nxf5 16. Qd3 Rae8 17. Bd2 Re4 18. Qh3 g6 19. g4 Qh4 20. Qxh4 Nxh4 21. h3 f6 22. Rae1 f5 23. Kh1 Rfe8 24. gxf5 Rxe1 25. Bxe1 Nxf5 26. c4 Ne3 27. Rf3 Nxc2 28. Bg3 Nxd4 29. Rd3 Ne2 30. cxd5 Nxg3+ 31. Rxg3 Kf7 32. Rc3 Re7 33. Rc2 Ke8 34. Kg2 Kd7 35. Kg3 Kd6 36. Rd2 Re5 37. Rf2 Rxd5 38. Rf7 b5 39. Rxh7 b4 40. Rg7 Rg5+ 41. Kf4 Rg1 42. h4 a5 43. h5 Rf1+ 44. Ke3 gxh5 45. Rg6+ Kc5 46. Rg5+ Kb6 47. Rxh5 c5 48. Rh2 Kb5 49. Kd3 c4+ 50. Kd4 Rd1+ 51. Ke4 c3 52. Ke3 Ka4 53. Rg2 Rd2 54. Rg1 Rxa2 55. Kd3 Kb3 56. Rb1+ Rb2 57. Ra1 c2 58. Rc1 Rb1 59. Rxc2 Rd1+ 0-1

[Event "Oberliga Nord O 0708"]
[Site "Germany"]
[Date "2007.12.09"]
[Round "4.8"]
[White "Brameyer, Hermann"]
[Black "Duester, Christian"]
[Result "0-1"]
[WhiteElo "2221"]
[BlackElo "2205"]
[PlyCount "66"]
[EventDate "2007.10.21"]
[EventType "team-tourn"]
[EventRounds "9"]
[EventCountry "GER"]
[SourceTitle "EXT 2009"]
[Source "ChessBase"]
[SourceDate "2008.11.26"]
[SourceVersion "1"]
[SourceVersionDate "2008.11.26"]
[SourceQuality "1"]
[WhiteTeam "Oberschoeneweide"]
[BlackTeam "Pankow Rotation"]
[WhiteTeamCountry "GER"]
[BlackTeamCountry "GER"]

1. d4 f5 2. Nf3 Nf6 3. c4 g6 4. Nc3 Bg7 5. Bf4 d6 6. e3 0-0 7. Be2 Qe8 8. Nd5 Na6 9. Nxf6+ exf6 10. Rc1 b6 11. 0-0 Kh8 12. a3 Bb7 13. b4 Rd8 14. Qc2 g5 15. Bg3 h5 16. h4 Bh6 17. Qxf5 Bc8 18. Qd3 Nb8 19. Bd1 Rg8 20. Re1 Nc6 21. d5 Ne7 22. Nd4 Qf7 23. Ne6 Bxe6 24. dxe6 Qxe6 25. Bxh5 gxh4 26. Bxh4 Nf5 27. Bf7 Rxg2+ 28. Kxg2 Nxh4+ 29. Kf1 Qxf7 30. Qd4 Nf3 31. Qd3 Nxe1 32. Kxe1 Rg8 33. Kd2 Qg6 0-1

[Event "Berlin Unicorn op"]
[Site "Berlin"]
[Date "2005.05.08"]
[Round "7"]
[White "Hahlbohm, Matthias"]
[Black "Duester, Christian"]
[Result "0-1"]
[WhiteElo "2121"]
[BlackElo "2193"]
[PlyCount "46"]
[EventDate "2005.05.04"]
[EventType "swiss"]
[EventRounds "7"]
[EventCountry "GER"]
[SourceTitle "CBM 106 Extra"]
[Source "ChessBase"]
[SourceDate "2005.07.01"]
[SourceVersion "1"]
[SourceVersionDate "2005.07.01"]
[SourceQuality "1"]

1. e4 e5 2. Nf3 Nc6 3. Bb5 f5 4. d3 fxe4 5. dxe4 Nf6 6. Qe2 Bc5 7. c3 d6 8. h3 0-0 9. Bc4+ Kh8 10. 0-0 Qe8 11. b4 Bb6 12. a4 a6 13. a5 Ba7 14. Be3 Nh5 15. Nh4 Nf4 16. Bxf4 Rxf4 17. g3 Rxh4 18. gxh4 Bxh3 19. Kh2 Bxf1 20. Qxf1 Qh5 21. Kg3 Rf8 22. f3 Rf4 23. Qh1 Rxh4 0-1

[Event "Berlin Eckbauer op 5th"]
[Site "Berlin"]
[Date "2002.10.28"]
[Round "4"]
[White "Syre, Christian"]
[Black "Duester, Christian"]
[Result "1-0"]
[WhiteElo "2190"]
[BlackElo "2029"]
[PlyCount "85"]
[EventDate "2002.10.??"]
[EventType "swiss"]
[EventRounds "7"]
[EventCountry "GER"]
[SourceTitle "EXT 2005"]
[Source "ChessBase"]
[SourceDate "2004.11.15"]
[SourceVersion "1"]
[SourceVersionDate "2004.11.15"]
[SourceQuality "1"]

1. c4 f5 2. Nc3 Nf6 3. g3 g6 4. Bg2 Bg7 5. d4 d6 6. Nf3 0-0 7. 0-0 Nc6 8. d5 Ne5 9. Nxe5 dxe5 10. e4 f4 11. Qb3 g5 12. c5 Kh8 13. d6 exd6 14. Rd1 Ng4 15. f3 Nxh2 16. Kxh2 g4 17. Ne2 fxg3+ 18. Kxg3 gxf3 19. Bxf3 Bh6 20. Rh1 Bxc1 21. Raxc1 Qg5+ 22. Kf2 Bg4 23. Rc3 d5 24. Ke1 dxe4 25. Bxe4 h5 26. Rg3 Rad8 27. Qe3 Qxe3 28. Rxe3 Kg7 29. Bxb7 Rb8 30. c6 Rbe8 31. Nc3 Kg6 32. Ba6 Kg5 33. Be2 Re6 34. Bc4 Ree8 35. Rg1 Rf4 36. Ne4+ Kg6 37. Be2 Rb8 38. b3 Rb4 39. Nf2 Kg5 40. Rxe5+ Kf6 41. Re3 Rb6 42. Bxg4 hxg4 43. Nxg4+ 1-0

[Event "Berlin Unicorn op"]
[Site "Berlin"]
[Date "2002.05.11"]
[Round "5"]
[White "Duester, Christian"]
[Black "Becker, Walter"]
[Result "0-1"]
[WhiteElo "2271"]
[BlackElo "2136"]
[PlyCount "202"]
[EventDate "2002.05.??"]
[EventType "swiss"]
[EventRounds "7"]
[EventCountry "GER"]
[SourceTitle "EXT 2006"]
[Source "ChessBase"]
[SourceDate "2005.11.24"]
[SourceVersion "1"]
[SourceVersionDate "2005.11.24"]
[SourceQuality "1"]

1. e4 d5 2. exd5 Nf6 3. c4 e6 4. dxe6 Bxe6 5. d4 Bb4+ 6. Nc3 Ne4 7. d5 Nxc3 8. bxc3 Bxc3+ 9. Bd2 Bxd2+ 10. Qxd2 Bf5 11. Qe3+ Qe7 12. Qxe7+ Kxe7 13. 0-0-0 Kd6 14. Ne2 Na6 15. Nd4 Bd7 16. Bd3 g6 17. Rhe1 Rhe8 18. Kb2 Nc5 19. Bc2 a6 20. Kc3 b5 21. Rb1 Rxe1 22. Rxe1 bxc4 23. Kxc4 Rb8 24. Nb3 Nxb3 25. axb3 a5 26. Ra1 Rb4+ 27. Kc3 Rb5 28. Be4 f5 29. Bf3 Be8 30. Kc4 g5 31. g3 Rc5+ 32. Kd4 Rc2 33. Rxa5 Rxf2 34. Ra6+ c6 35. Ke3 Rxh2 36. dxc6 g4 37. c7+ Kxc7 38. Bd5 h5 39. Kd4 h4 40. gxh4 f4 41. Rf6 f3 42. Bxf3 gxf3 43. Rxf3 Rxh4+ 44. Kc5 Rh5+ 45. Kd4 Kb6 46. Re3 Bc6 47. Rg3 Rh4+ 48. Kc3 Bd5 49. Kb2 Kc5 50. Ka3 Rh2 51. Re3 Rh8 52. Rg3 Ra8+ 53. Kb2 Kd4 54. Rh3 Be4 55. Rg3 Rc8 56. Rh3 Bd3 57. Rh4+ Ke3 58. Rh3+ Kd2 59. Rh2+ Be2 60. Rh7 Rc2+ 61. Kb1 Rc3 62. Kb2 Rg3 63. Rh2 Kd3 64. Rh8 Kd4 65. Rh4+ Kc5 66. Rh2 Bd1 67. Rh8 Rxb3+ 68. Kc1 Be2 69. Kc2 Rg3 70. Rc8+ Kb4 71. Rb8+ Bb5 72. Kd2 Rd3+ 73. Ke1 Re3+ 74. Kf2 Re6 75. Kf3 Kc5 76. Kf4 Re1 77. Kf5 Bc6 78. Rc8 Re3 79. Kf4 Re7 80. Kf5 Kd6 81. Rd8+ Bd7+ 82. Kf4 Kd5 83. Ra8 Kd4 84. Rf8 Bc6 85. Rd8+ Bd5 86. Kf5 Rf7+ 87. Kg6 Rf2 88. Kg5 Ke5 89. Kg4 Rg2+ 90. Kh3 Rg7 91. Kh4 Be4 92. Kh3 Kf4 93. Rf8+ Bf5+ 94. Kh2 Ra7 95. Rb8 Ra2+ 96. Kg1 Be4 97. Rf8+ Ke3 98. Re8 Rg2+ 99. Kf1 Rg5 100. Re7 Rh5 101. Rg7 Ra5 0-1

[Event "Berlin Unicorn op"]
[Site "Berlin"]
[Date "2002.05.09"]
[Round "3"]
[White "Duester, Christian"]
[Black "Wuensche, Peter"]
[Result "1-0"]
[WhiteElo "2136"]
[BlackElo "2135"]
[PlyCount "31"]
[EventDate "2002.05.??"]
[EventType "swiss"]
[EventRounds "7"]
[EventCountry "GER"]
[SourceTitle "EXT 2006"]
[Source "ChessBase"]
[SourceDate "2005.11.24"]
[SourceVersion "1"]
[SourceVersionDate "2005.11.24"]
[SourceQuality "1"]

1. e4 e5 2. Nf3 f5 3. Nxe5 Qf6 4. Nc4 fxe4 5. Nc3 Qf7 6. Ne3 c6 7. d3 exd3 8. Bxd3 d5 9. 0-0 d4 10. Bc4 Qf6 11. Ng4 Qh4 12. Ne5 dxc3 13. Bf7+ Ke7 14. Re1 Qf6 15. Ng6+ Kxf7 16. Nxh8# 1-0

[Event "Leipzig VfB op 09th"]
[Site "Leipzig"]
[Date "2002.03.09"]
[Round "8"]
[White "Duester, Christian"]
[Black "Vieten, Mario"]
[Result "1-0"]
[WhiteElo "2136"]
[BlackElo "1610"]
[PlyCount "37"]
[EventDate "2002.03.05"]
[EventType "swiss"]
[EventRounds "9"]
[EventCountry "GER"]
[SourceTitle "EXT 2007"]
[Source "ChessBase"]
[SourceDate "2006.11.23"]
[SourceVersion "1"]
[SourceVersionDate "2006.11.23"]
[SourceQuality "1"]

1. e4 e6 2. d4 d5 3. Nc3 Nf6 4. Bg5 Bb4 5. e5 h6 6. Bd2 Bxc3 7. bxc3 Ne4 8. Qg4 Kf8 9. Bd3 Nxd2 10. Kxd2 c5 11. h4 f5 12. exf6 Qxf6 13. Rh3 Ke8 14. Rf3 Qe7 15. Qg6+ Kd8 16. Rf7 Qxh4 17. Nf3 Qxf2+ 18. Be2 cxd4 19. cxd4 1-0

[Event "Leipzig VfB op 09th"]
[Site "Leipzig"]
[Date "2002.03.08"]
[Round "6"]
[White "Duester, Christian"]
[Black "Richter, Thomas"]
[Result "1-0"]
[WhiteElo "2136"]
[BlackElo "1582"]
[PlyCount "59"]
[EventDate "2002.03.05"]
[EventType "swiss"]
[EventRounds "9"]
[EventCountry "GER"]
[SourceTitle "EXT 2007"]
[Source "ChessBase"]
[SourceDate "2006.11.23"]
[SourceVersion "1"]
[SourceVersionDate "2006.11.23"]
[SourceQuality "1"]

1. e4 e6 2. d4 d5 3. Nc3 Bb4 4. e5 Ne7 5. Qg4 Nf5 6. Bg5 Be7 7. h4 h5 8. Bxe7 Qxe7 9. Qf4 c5 10. dxc5 Qxc5 11. Bd3 Qd4 12. Qh2 Qc5 13. Nf3 a6 14. Rd1 d4 15. Ne4 Qa5+ 16. Nfd2 Nc6 17. 0-0 Qxe5 18. Qh3 Qc7 19. Ng5 Nce7 20. Rfe1 e5 21. Qf3 f6 22. Nge4 Nxh4 23. Nxf6+ Kd8 24. Qe4 gxf6 25. Qxh4 f5 26. Nc4 e4 27. Qf6 Rg8 28. Qxd4+ Bd7 29. Bxe4 fxe4 30. Nb6 1-0

[Event "Leipzig VfB op 09th"]
[Site "Leipzig"]
[Date "2002.03.06"]
[Round "3"]
[White "Lubbe, Melanie"]
[Black "Duester, Christian"]
[Result "1/2-1/2"]
[WhiteElo "1667"]
[BlackElo "2136"]
[PlyCount "189"]
[EventDate "2002.03.05"]
[EventType "swiss"]
[EventRounds "9"]
[EventCountry "GER"]
[SourceTitle "EXT 2007"]
[Source "ChessBase"]
[SourceDate "2006.11.23"]
[SourceVersion "1"]
[SourceVersionDate "2006.11.23"]
[SourceQuality "1"]

1. e4 e5 2. Bc4 Nf6 3. d3 c6 4. Bb3 d5 5. Nd2 Bc5 6. Ngf3 0-0 7. 0-0 Bg4 8. c3 Nbd7 9. Bc2 a6 10. Nb3 Ba7 11. Bg5 Qc7 12. Re1 h6 13. Bh4 Rad8 14. Qe2 Rfe8 15. Rad1 Rc8 16. Bg3 Nh5 17. Kh1 Nxg3+ 18. fxg3 Nf6 19. h3 Bd7 20. Nfd2 Nh7 21. Rf1 Rf8 22. g4 Rce8 23. Nf3 Qd8 24. Qd2 Qe7 25. Rfe1 Qf6 26. d4 exd4 27. Nbxd4 dxe4 28. Rxe4 Rxe4 29. Bxe4 Bc8 30. Nf5 Bxf5 31. Bxf5 Bb6 32. Qe2 g6 33. Bc2 Rd8 34. Rxd8+ Qxd8 35. Qd2 Qxd2 36. Nxd2 Nf6 37. Ne4 Ne8 38. Kh2 Bc7+ 39. Kg1 Kf8 40. Kf2 Ke7 41. Kf3 b6 42. b3 Be5 43. c4 Ng7 44. Ng3 Kd6 45. Ne4+ Ke7 46. Ng3 Ne6 47. Ne2 Kd6 48. Ke4 f6 49. Ke3 g5 50. Bf5 Ng7 51. Be4 a5 52. Nd4 Bxd4+ 53. Kxd4 Ne6+ 54. Ke3 c5 55. Bf3 Ke5 56. Be4 Nd4 57. Bd3 Nc6 58. Be4 Nb4 59. Bb1 Na6 60. Bc2 Nc7 61. Bd3 Ne8 62. Be2 Nd6 63. Bd3 Ke6 64. Kf2 Kd7 65. Kf3 Kc6 66. Be4+ Kc7 67. Bd3 a4 68. bxa4 Kb7 69. a5 bxa5 70. a4 Kc6 71. Ke3 Kd7 72. Bf5+ Ke7 73. Bd3 Ke6 74. Kf2 Ke5 75. Ke3 Nc8 76. Bc2 Ne7 77. Be4 Nc8 78. Bc2 Nb6 79. Bb3 f5 80. gxf5 Kxf5 81. Kf3 h5 82. g4+ hxg4+ 83. hxg4+ Ke5 84. Ke3 Nd7 85. Bc2 Nf6 86. Bf5 Ng8 87. Bc2 Ne7 88. Be4 Nc8 89. Bc2 Nd6 90. Bd3 Ne8 91. Bb1 Nc7 92. Bf5 Na6 93. Bg6 Nb4 94. Be4 Na2 95. Kd3 1/2-1/2

[Event "Berlin Eckbauer op 4th"]
[Site "Berlin"]
[Date "2001.10.22"]
[Round "4"]
[White "Duester, Christian"]
[Black "Kristovic, Stjepan"]
[Result "1-0"]
[WhiteElo "2024"]
[BlackElo "2093"]
[PlyCount "77"]
[EventDate "2001.10.??"]
[EventType "swiss"]
[EventRounds "7"]
[EventCountry "GER"]
[SourceTitle "EXT 2005"]
[Source "ChessBase"]
[SourceDate "2004.11.15"]
[SourceVersion "1"]
[SourceVersionDate "2004.11.15"]
[SourceQuality "1"]

1. e4 e5 2. Nf3 Nc6 3. Bc4 d6 4. d4 Bg4 5. c3 Bxf3 6. Qxf3 Qf6 7. d5 Nd8 8. Qd1 Qg6 9. 0-0 Nf6 10. Bd3 Nd7 11. f4 f6 12. f5 Qf7 13. Be3 g6 14. Be2 Be7 15. Na3 a6 16. Bg4 b5 17. c4 Rb8 18. cxb5 axb5 19. Nxb5 Rxb5 20. fxg6 hxg6 21. Bxd7+ Kxd7 22. Qa4 c6 23. dxc6+ Nxc6 24. Qxb5 Rb8 25. Qe2 Rb4 26. Rfc1 Nd8 27. Qc2 f5 28. exf5 gxf5 29. a3 Rb3 30. Re1 f4 31. Bf2 f3 32. Re3 Rxe3 33. Bxe3 fxg2 34. Qxg2 d5 35. Rf1 Qe6 36. Bg5 Qb6+ 37. Rf2 Bc5 38. Qxd5+ Kc8 39. Qxd8+ 1-0